1708 1224 1136 1981 1180 1575 1669 1224 1364 1970 1056 1911 1166 1434 1611 1931 1890 1362 1136 1537 1584 1014 1152 1622 1797 1865 1580 1722 1985 1088 1926 1914 1174 1841 1619 1626 1490 1454 1879 1158 1668 1529 1799 1994 1406 1378 1101 1146 1569 1586 1365 1389 1852 1498 1920 1407 1680 1835 1187 1262 1912 1925 1933 1289 1058 1689 1086 1279 1921 1669 1434 1428 1012 1593 1092 1793 1496 1016 1789 1931 1180 1270 1696 1205 1327 1458 1951 1876 1150 1162 1324 1246 1673 1249 1569 1307 1798 1016 1128 BCNSPRNW ULIB Ver.6.0+V

เปลี่ยนเป็นภาษาไทย

Change to English
 แสดงรายละเอียดบรรณานุกรม
  กลับหน้าหลัก

Brief Record : Get Marc (ISO 2709) : E-mail record : QR code < ปิดหน้าต่าง
LEADER : 00000nam 2200000uu 4500
001    13399112060
003     ULIB
008    110304s1998||||th 000 0 eng d
020    08743493
060  4 QZ4^bP363 1998
100 0  Carpenter editorDonna O
245 00 Pathophysiology made Incrediably Easy/^cCarpenter editorDonna O
260    Pennsylvnia:^bSpringhous,^c1998
300    402 p
650  7 Nursing
650  7 physiology Pathophysiology
710 1  Springhous
945    ^p0^l0^i010319
995    ทศพร
999 ^a ใช้งานได้ทุกระบบ
รายการนี้ยังไม่มีแท็ก
คุณยังไม่ได้ล็อกอิน คุณสามารถมีกิจกรรมร่วมกับเว็บไซต์ได้ แต่ต้องล็อกอินก่อน ::
  ล็อกอิน

รายการสื่อสารสนเทศ

ลำดับที่ ประเภท เลขเรียก/บาร์โค้ด สถานที่ สถานะ
- ไม่พบข้อมูล -

รายการใกล้เคียง
    หัวเรื่อง [Nursing]

BibComment


ยังไม่เคยถูกคอมเมนท์

คอมเมนท์ทรัพยากรรายการนี้
  คอมเมนท์: Pathophysiology m..


 Copyright 2026. Bcnsprnw @Library